02266nam a22002657a 450000500170000000800410001702000300005802000270008803500240011504000320013904200140017105000110018510000330019624500980022926000480032730000350037550400510041052013030046165000250176465000150178965000390180465000510184365000650189465000410195920250520085927.0250520b |||||||| |||| 00| 0 eng d a9780128122532 (paperback) a0128122536 (paperback) a(OCoLC)ocn979562306 aBTCTAbengcBTCTAdYDXerda alccopycat00aTK91451 aMcClarren, Ryan G.,eauthor.10aComputational nuclear engineering and radiological science using python /cRyan G. McClarren. aLondon, England :bAcademic Press,c©2018. axvii, 442 p. :bill. ;c25 cm. aIncludes bibliographical references and index. aComputational Nuclear Engineering and Radiological Science Using Python provides the necessary knowledge users need to embed more modern computing techniques into current practices, while also helping practitioners replace Fortran-based implementations with higher level languages. The book is especially unique in the market with its implementation of Python into nuclear engineering methods, seeking to do so by first teaching the basics of Python, then going through different techniques to solve systems of equations, and finally applying that knowledge to solve problems specific to nuclear engineering. Along with examples of code and end-of-chapter problems, the book is an asset to novice programmers in nuclear engineering and radiological sciences, teaching them how to analyze complex systems using modern computational techniques. For decades, the paradigm in engineering education, in particular, nuclear engineering, has been to teach Fortran along with numerical methods for solving engineering problems. This has been slowly changing as new codes have been written utilizing modern languages, such as Python, thus resulting in a greater need for the development of more modern computational skills and techniques in nuclear engineering.--cSource other than the Library of Congress. 0aNuclear engineering. 0aRadiology. 0aPython (Computer program language) 7aNuclear engineering.2fast0(OCoLC)fst01040032 7aPython (Computer program language)2fast0(OCoLC)fst01084736 7aRadiology.2fast0(OCoLC)fst01088271